[Event "Madrid ch Final 2019"]
[Site "Madrid ESP"]
[Date "2019.05.31"]
[Round "7.12"]
[White "Estevez Sacristan, Deva"]
[Black "Gueler Berdasco, Martin"]
[Result "0-1"]
[WhiteElo "1999"]
[BlackElo "1917"]
[PlyCount "94"]
[EventDate "2019.05.25"]
[EventType "swiss"]
[EventRounds "7"]
[EventCountry "ESP"]
[SourceTitle "Ajedrez en Madrid"]
[Source "lmi"]
[SourceDate "2019.05.25"]
[SourceVersion "1"]
[SourceVersionDate "2019.06.03"]
[SourceQuality "1"]

1. e4 c5 2. Nf3 d6 3. d4 cxd4 4. Nxd4 Nf6 5. Nc3 a6 6. g3 e5 7. Nb3 Be6 8. Bg2
Be7 9. O-O Nbd7 10. a4 Rc8 11. Re1 O-O 12. Nd2 Nb6 13. Nf1 Nc4 14. Ne3 Qb6 15.
Rb1 Nxe3 16. Bxe3 Qb4 17. Bd2 Qc5 18. b4 Qd4 19. Re3 Bc4 20. Nd5 Nxd5 21. exd5
b5 22. a5 Bg5 23. c3 Qa7 24. Re1 Bxd2 25. Qxd2 f5 26. Rbc1 Qf7 27. Rb1 Rc7 28.
Bh3 Qf6 29. Red1 h5 30. Bf1 Bxf1 31. Rxf1 f4 32. f3 g5 33. Rbc1 g4 34. Kg2 Qg5
35. Rc2 Rc4 36. Qf2 fxg3 37. Qxg3 h4 38. Qe1 gxf3+ 39. Kh1 Rg4 40. Rg1 Rff4 41.
Rxg4 Rxg4 42. Qf1 e4 43. c4 e3 44. cxb5 Qxd5 45. Rc8+ Kf7 46. Rc7+ Ke8 47. Rc8+
Kd7 0-1